000 00322nam a22001337a 4500
008 230619b xxu||||| |||| 00| 0 eng d
082 _a301.15
_bSEC
100 _cPaul F Secord
245 _aSocial Psychology
260 _bMcGraw-Hill Book Company
_c1964
300 _a661p
700 _cCarl W. Backman
942 _2ddc
_cBK
999 _c1310
_d1310